000 01245nam a2200313 a 4500
001 ebr10470864
003 CaPaEBR
006 m u
007 cr cn|||||||||
008 110325s2011 enka sb 001 0 eng d
010 _z 2011013274
020 _z9780754679783 (hardback : alk. paper)
020 _z9780754699408 (e-book)
040 _aCaPaEBR
_cCaPaEBR
035 _a(OCoLC)732959036
050 1 4 _aGV1469.17.S63
_bT46 2011eb
082 0 4 _a306.4/87
_222
100 1 _aThornham, Helen.
245 1 0 _aEthnographies of the videogame
_h[electronic resource] :
_bgender, narrative and praxis /
_cHelen Thornham.
260 _aFarnham, Surrey, England ;
_aBurlington, Vt. :
_bAshgate,
_cc2011.
300 _a207 p. :
_bill.
504 _aIncludes bibliographical references and index.
533 _aElectronic reproduction.
_bPalo Alto, Calif. :
_cebrary,
_d2011.
_nAvailable via World Wide Web.
_nAccess may be limited to ebrary affiliated libraries.
650 0 _aVideo games.
650 0 _aVideo games
_xSocial aspects.
655 7 _aElectronic books.
_2local
710 2 _aebrary, Inc.
856 4 0 _uhttp://site.ebrary.com/lib/rucke/Doc?id=10470864
_zAn electronic book accessible through the World Wide Web; click to view
999 _c215027
_d215027